Statistiques concernant Intercommunalités du Puy-de-Dôme

Cliquez ici pour prendre le quiz!

Statistiques générales

  • Ce quiz a été pris 13 fois
  • Le résultat moyen est 7 sur 14

Statistiques - réponses

Nombres de CommunesIntercommunalités% Correct
21Clermont Auvergne Métropole
100%
31Communauté d'agglomération Riom Limagne et Volcans
100%
20 (dont 01 dans le Cantal)Communauté de communes du Massif du Sancy
100%
30Thiers Dore et Montagne
90%
88Agglo Pays d'Issoire
80%
58Communauté de communes Ambert Livradois Forez
80%
14Communauté de communes Entre Dore et Allier
50%
25Communauté de communes Plaine Limagne
30%
25Billom Communauté
20%
36Communauté de communes Chavanon Combrailles et Volcans
20%
29Communauté de communes Combrailles Sioule et Morge
20%
34Communauté de communes du Pays de Saint-Éloy
20%
27Communauté de communes Dômes Sancy Artense
10%
27Mond'Arverne Communauté
10%

Distribution des résultats

Percentile par nombre de réponses

% des personnes avec chaque résultat

Votre développement - résultats

Vous n’avez pas pris ce quiz